Cyclisme - Top 100 All time (PCS Ranking) - Statistiques

Statistiques générales
  • Ce quiz a été pris 932 fois
  • Le résultat moyen est 29 sur 100
Statistiques - réponses
Classement Nationalité Coureur % Correct
1 Belgique Eddy Merckx
93%
4 France Bernard Hinault
91%
36 Slovénie Tadej Pogacar
89%
39 Royaume Uni Chris Froome
83%
30 Espagne Alberto Contador
78%
16 Slovaquie Peter Sagan
75%
97 Pays Bas Adrie Van Der Poel
73%
37 Italie Vincenzo Nibali
72%
7 France Jacques Anquetil
71%
82 Belgique Wout Van Aert
70%
11 Italie Fausto Coppi
66%
27 Slovénie Primoz Roglic
65%
24 Royaume Un Mark Cavendish
63%
21 Espagne Miguel Indurain
63%
19 France Raymond Poulidor
63%
6 Espagne Alejandro Valverde
62%
32 Suisse Fabian Cancellara
62%
95 France Julian Alaphilippe
62%
26 Belgique Tom Boonen
59%
53 France Laurent Fignon
56%
84 Australie Cadel Evans
54%
69 Colombie Nairo Quintana
54%
57 Irlande Stephen Roche
53%
9 France Laurent Jalabert
52%
90 Belgique Remco Evenepoel
52%
2 Irlande Sean Kelly
52%
10 Italie Gino Bartali
50%
29 Belgique Philippe Gilbert
49%
81 Etats Unis Greg LeMond
45%
31 France Louison Bobet
43%
76 Kazakhstan Alexandre Vinokourov
41%
34 Allemagne André Greipel
36%
79 France Bernard Thévenet
35%
98 Norvège Thor Hushovd
32%
18 Allemagne Erik Zabel
30%
93 Esapagne Federico Bahamontes
30%
86 Allemagne Jan Ulrich
30%
14 Italie Felice Gimondi
29%
77 Espagne Delio Rodriguez
28%
52 Espagne Joaquim Rodriguez
28%
25 Italie Mario Cipollini
28%
15 Pays Bas Joop Zoetemelk
27%
83 Allemagne Tony Martin
27%
44 Norvège Alexander Kristoff
26%
3 Italie Francesco Moser
26%
43 Espagne Luis Ocana
26%
47 Italie Paolo Bettini
25%
5 Belgique Roger De Vlaeminck
25%
54 Espagne Oscar Freire
22%
73 Suisse Hugo Koblet
21%
62 France Arnaud Démare
20%
96 Italie Marino Basso
20%
17 Suisse Tony Rominger
20%
8 Belgique Rik Van Looy
19%
33 Italie Alessandro Petacchi
17%
59 Belgique Greg Van Avermaet
16%
41 Belgique Johan Museeuw
16%
48 Australie Robbie McEwen
16%
46 Suisse Alex Zulle
15%
91 Norvège Edvald Boasson Hagen
13%
55 Pays Bas Jan Janssen
13%
72 Italie Michele Bartoli
13%
70 Italie Claudio Chiappucci
12%
13 Belgique Freddy Maertens
12%
51 Italie Gianni Bugno
12%
50 Pays Bas Jan Raas
12%
20 Italie Alfredo Binda
11%
28 Italie Davide Rebellin
9%
12 Italie Guiseppe Saronni
9%
68 Italie Moreno Argentin
9%
65 France Charly Mottet
7%
78 Italie Elia Viviani
7%
58 Belgique Rik Van Steenbergen
7%
100 Italie Danilo Di Luca
6%
80 Italie Maurizio Fondriest
6%
71 Luxembourg Nicolas Frantz
6%
67 Allemagne Rudi Altig
6%
23 Italie Costante Girardengo
5%
42 Italie Fiorenzo Magni
5%
74 Australie Phil Anderson
4%
85 France André Darigade
3%
66 Pays Bas Gerrie Knetemann
3%
40 Belgique Herman Van Springel
3%
63 Italie Learco Guerra
3%
88 Danemark Rolf Sorensen
3%
64 Belgique Eric Vanderaerden
2%
75 Italie Francesco Casagrande
2%
22 Italie Franco Bitossi
2%
38 Espagne Miguel Poblet
2%
49 Belgique Walter Godefroot
2%
45 Espagne Domingo Perurena
1%
35 Suisse Ferdinand Kluber
1%
56 Belgique Frans Verbeeck
1%
61 Italie Gianbattista Baronchelli
1%
87 Italie Gianni Motta
1%
60 Espagne Marino Lejarreta
1%
89 Italie Michele Dancelli
1%
92 Espagne Miguel Maria Lasa
1%
99 Espagne Mariano Canardo
0%
94 Italie Pierino Gavazzi
0%
Aucun quiz correspondant
Distribution des résultats
% des personnes avec chaque résultat
Percentile par nombre de réponses
Votre historique - résultats
Vous n’avez pas pris ce quiz